Statistiques concernant Les philosophes connus dans le monde

Cliquez ici pour prendre le quiz!

Statistiques générales

  • Ce quiz a été pris 1 396 fois
  • Le résultat moyen est 12 sur 20

Statistiques - réponses

IndiceNom% Correct
CandideVoltaire
87%
Le banquetPlaton
86%
Le contrat socialRousseau
85%
Le discours de la méthodeDescartes
83%
L'interprétation des rêvesFreud
78%
Le capitalMarx
76%
La métaphysiqueAristote
70%
PenséesPascal
66%
L'être et le néantSartre
65%
Le princeMachiavel
64%
EssaisMontaigne
63%
La généalogie de la moraleNietzsche
54%
L'esprit des loisMontesquieu
53%
L'éthiqueSpinoza
51%
Jacques le fatalisteDiderot
47%
Phénoménologie de l'espritHegel
42%
Le rireBergson
37%
plaisir et bonheurEpicure
33%
Tristes tropiquesLevi-Strauss
27%
Emile ChartierAlain
19%

Distribution des résultats

Percentile par nombre de réponses

% des personnes avec chaque résultat

Votre développement - résultats

Vous n’avez pas pris ce quiz